Rückblick auf den Neuanfang

Elmentve itt :
Bibliográfiai részletek
Szerző: Bernáth Árpád
Dokumentumtípus: Könyv része
Megjelent: 2008
Sorozat:Acta germanica 12
Germanistik an der Szegeder Universität : 1956-2006 12
Kulcsszavak:Germanisztika
Tárgyszavak:
Online Access:http://acta.bibl.u-szeged.hu/2412
LEADER 00719naa a2200217 i 4500
001 acta2412
005 20210921103637.0
008 161015s2008 hu o 0|| ger d
022 |a 0238-079X 
040 |a SZTE Egyetemi Kiadványok Repozitórium  |b hun 
041 |a ger 
100 1 |a Bernáth Árpád 
245 1 0 |a Rückblick auf den Neuanfang  |h [elektronikus dokumentum] /  |c  Bernáth Árpád 
260 |c 2008 
300 |a 9-20 
490 0 |a Acta germanica  |v 12 
490 0 |a Germanistik an der Szegeder Universität : 1956-2006  |v 12 
650 4 |a Bölcsészettudományok 
650 4 |a Nyelvek és irodalom 
695 |a Germanisztika 
856 4 0 |u http://acta.bibl.u-szeged.hu/2412/1/germanica_012_009-020.pdf  |z Dokumentum-elérés